[Event "HUN-chT2 Toth 1011"]
[Site "Hungary"]
[Date "2011.04.10"]
[Round "8.5"]
[White "Zauer, Gabor"]
[Black "Csikos, Mihaly"]
[Result "0-1"]
[WhiteElo "2052"]
[BlackElo "2086"]
[PlyCount "46"]
[EventDate "2010.09.12"]
[EventType "team-tourn"]
[EventRounds "11"]
[EventCountry "HUN"]
[SourceTitle "EXT 2012"]
[Source "ChessBase"]
[SourceDate "2011.11.24"]
[SourceVersion "1"]
[SourceVersionDate "2011.11.24"]
[SourceQuality "1"]
[WhiteTeam "Szolnok"]
[BlackTeam "Roszke"]
[WhiteTeamCountry "HUN"]
[BlackTeamCountry "HUN"]

1. e4 e5 2. Nf3 Nf6 3. Nc3 Nc6 4. d4 exd4 5. Nxd4 Bb4 6. Nf5 0-0 7. Bd3 d5 8. exd5 Re8+ 9. Kf1 Bxc3 10. bxc3 Qxd5 11. Qf3 Ne5 12. Qxd5 Nxd5 13. Ne3 Nxd3 14. cxd3 Nxc3 15. a4 Bd7 16. h4 Nxa4 17. h5 h6 18. Rh4 Nc5 19. Ra3 Bb5 20. Nc4 Rad8 21. Be3 Nxd3 22. Kg1 a6 23. Rg4 f5 0-1

[Event "HUN-chT2 Toth 1011"]
[Site "Hungary"]
[Date "2010.10.10"]
[Round "3.5"]
[White "Zauer, Gabor"]
[Black "Nagy, Robert2222"]
[Result "1/2-1/2"]
[WhiteElo "2052"]
[BlackElo "1985"]
[PlyCount "79"]
[EventDate "2010.09.12"]
[EventType "team-tourn"]
[EventRounds "11"]
[EventCountry "HUN"]
[SourceTitle "EXT 2012"]
[Source "ChessBase"]
[SourceDate "2011.11.24"]
[SourceVersion "1"]
[SourceVersionDate "2011.11.24"]
[SourceQuality "1"]
[WhiteTeam "Szolnok"]
[BlackTeam "Mezobereny"]
[WhiteTeamCountry "HUN"]
[BlackTeamCountry "HUN"]

1. e4 c6 2. Nf3 d5 3. exd5 cxd5 4. d4 Nf6 5. Bd3 Nc6 6. 0-0 Bg4 7. c3 e6 8. Re1 Qc7 9. Nbd2 Bd6 10. h3 Bh5 11. Qa4 0-0 12. c4 Bxf3 13. Nxf3 Nb4 14. c5 Nxd3 15. cxd6 Qxd6 16. Re3 Nxc1 17. Rxc1 Ne4 18. Qc2 f6 19. Rb3 b6 20. Ra3 Qd7 21. Qc7 Rf7 22. Qc2 Qb7 23. h4 Kf8 24. Qc6 Qxc6 25. Rxc6 Ke7 26. Rxb6 axb6 27. Rxa8 Kd6 28. Rc8 Rc7 29. Rxc7 Kxc7 30. Kf1 Kc6 31. Ke2 Kb5 32. Ne1 Kc4 33. Ke3 Nd6 34. g4 e5 35. Nc2 Nb5 36. dxe5 fxe5 37. f4 d4+ 38. Ke4 exf4 39. Kxf4 Nd6 40. Ke5 1/2-1/2